[Event "Chigorin Memorial-A 15th"]
[Site "St Petersburg"]
[Date "2007.12.06"]
[Round "6"]
[White "Popov, Valerij"]
[Black "Utkin, Aleksey"]
[Result "1-0"]
[WhiteElo "2580"]
[BlackElo "2389"]
[PlyCount "93"]
[EventDate "2007.12.01"]
[EventType "swiss"]
[EventRounds "9"]
[EventCountry "RUS"]
[SourceTitle "CBM 121 Extra"]
[Source "ChessBase"]
[SourceDate "2008.01.10"]
[SourceVersion "1"]
[SourceVersionDate "2008.01.10"]
[SourceQuality "1"]

1. Nf3 Nf6 2. c4 g6 3. d4 Bg7 4. g3 0-0 5. Bg2 d6 6. 0-0 Nbd7 7. Nc3 e5 8. e4 Re8 9. h3 c6 10. Be3 a5 11. Qc2 exd4 12. Nxd4 Nc5 13. Nb3 Nfd7 14. Rad1 Qe7 15. Rfe1 Nxb3 16. Qxb3 Nc5 17. Qa3 Bf8 18. b4 axb4 19. Qxa8 Bxh3 20. Qa5 Bxg2 21. Kxg2 bxc3 22. Bxc5 dxc5 23. Qxc3 Bg7 24. e5 b5 25. Re2 h5 26. Qf3 Qe6 27. Qd3 Qg4 28. f3 Qg5 29. f4 Qg4 30. cxb5 cxb5 31. Qxb5 Ra8 32. Rb1 h4 33. Qd3 hxg3 34. Qf3 Qc8 35. Rb6 Ra6 36. Qb7 Qxb7+ 37. Rxb7 Bh6 38. Kxg3 Ra4 39. e6 Ra3+ 40. Kh4 fxe6 41. Rxe6 Bf8 42. Rxg6+ Kh8 43. Rc6 Ra8 44. f5 c4 45. Rxc4 Kg8 46. a4 Bg7 47. Rg4 1-0

[Event "Chigorin Memorial-A 15th"]
[Site "St Petersburg"]
[Date "2007.12.05"]
[Round "5"]
[White "Khairullin, Ildar"]
[Black "Utkin, Aleksey"]
[Result "1/2-1/2"]
[WhiteElo "2567"]
[BlackElo "2389"]
[PlyCount "55"]
[EventDate "2007.12.01"]
[EventType "swiss"]
[EventRounds "9"]
[EventCountry "RUS"]
[SourceTitle "CBM 121 Extra"]
[Source "ChessBase"]
[SourceDate "2008.01.10"]
[SourceVersion "1"]
[SourceVersionDate "2008.01.10"]
[SourceQuality "1"]

1. g3 g6 2. Bg2 Bg7 3. e4 c5 4. Ne2 Nc6 5. 0-0 d6 6. c3 e6 7. d4 cxd4 8. cxd4 Nge7 9. Nbc3 0-0 10. Bg5 h6 11. Be3 d5 12. Qd2 Kh7 13. e5 b6 14. f4 Ba6 15. g4 f5 16. exf6 Rxf6 17. Rf2 Bxe2 18. Nxe2 Rc8 19. Ng3 Qd6 20. Bf1 Qb4 21. Qd3 Kh8 22. Rd1 Rff8 23. Kh1 Qd6 24. a3 Na5 25. Bd2 Nac6 26. Be3 Na5 27. Bd2 Nac6 28. Be3 1/2-1/2

[Event "St Petersburg op"]
[Site "St Petersburg"]
[Date "2007.11.02"]
[Round "7"]
[White "Sivokho, Sergey V"]
[Black "Utkin, Aleksey"]
[Result "0-1"]
[WhiteElo "2464"]
[BlackElo "2389"]
[PlyCount "130"]
[EventDate "2007.10.27"]
[EventType "swiss"]
[EventRounds "9"]
[EventCountry "RUS"]
[SourceTitle "CBM 121 Extra"]
[Source "ChessBase"]
[SourceDate "2008.01.10"]
[SourceVersion "1"]
[SourceVersionDate "2008.01.10"]
[SourceQuality "1"]

1. e4 g6 2. d4 Bg7 3. Nc3 c6 4. h3 d6 5. Be3 b5 6. f4 b4 7. Nce2 Nf6 8. Ng3 0-0 9. Nf3 Nbd7 10. a3 Qb6 11. Qd2 bxa3 12. b3 c5 13. Rxa3 cxd4 14. Bxd4 Qc6 15. Bd3 e5 16. fxe5 Nxe5 17. Nxe5 dxe5 18. Qc3 Qxc3+ 19. Bxc3 Bb7 20. 0-0 Rfe8 21. Ra5 h5 22. h4 Ng4 23. Bd2 Rec8 24. Ne2 Bf8 25. Bc4 Bc5+ 26. Kh1 Bb6 27. Ra4 Nf2+ 28. Kh2 Bxe4 29. Kg3 Bc6 30. Bxf7+ Kg7 31. Rb4 Ne4+ 32. Rxe4 Bxe4 33. Bc3 Bc7 34. Bc4 Rf8 35. Nf4 Bf5 36. Re1 Kh7 37. Nd5 Bd6 38. Bxe5 Rfe8 39. Nf6+ Kh6 40. Nxe8 Rxe8 41. Kf4 Bxc2 42. Bxd6 Rxe1 43. g3 a5 44. Bg8 Kg7 45. Bd5 Rb1 46. Be5+ Kh6 47. Bc7 Bxb3 48. Bxb3 Rxb3 49. Bxa5 Ra3 50. Bc7 Ra4+ 51. Ke5 Kg7 52. Ke6 Ra6+ 53. Ke5 Kf7 54. Bd8 Ra3 55. Kf4 Ke6 56. Bc7 Rc3 57. Bb8 Rc8 58. Ba7 Rc4+ 59. Kg5 Rg4+ 60. Kh6 Rxg3 61. Bb6 Kf5 62. Bd8 Rc3 63. Bg5 Rh3 64. Be7 Kg4 65. Kxg6 Rxh4 0-1

[Event "St Petersburg op"]
[Site "St Petersburg"]
[Date "2007.10.30"]
[Round "4"]
[White "Utkin, Aleksey"]
[Black "Yankovsky, Roman"]
[Result "0-1"]
[WhiteElo "2389"]
[BlackElo "2202"]
[PlyCount "78"]
[EventDate "2007.10.27"]
[EventType "swiss"]
[EventRounds "9"]
[EventCountry "RUS"]
[SourceTitle "CBM 121 Extra"]
[Source "ChessBase"]
[SourceDate "2008.01.10"]
[SourceVersion "1"]
[SourceVersionDate "2008.01.10"]
[SourceQuality "1"]

1. d4 e6 2. Nf3 c5 3. c3 d5 4. Bf4 Nf6 5. e3 Be7 6. Bd3 0-0 7. Nbd2 b6 8. Ne5 a5 9. 0-0 Ba6 10. Bxa6 Rxa6 11. Qe2 Ra8 12. Rfd1 Nfd7 13. e4 Nxe5 14. dxe5 dxe4 15. Nxe4 Qc7 16. Rd3 Nc6 17. Rh3 g6 18. Ng3 Rfd8 19. Qe3 Rd5 20. c4 Rd7 21. Nf1 Nd4 22. Bg5 Nc2 23. Qe4 Bxg5 24. Qxc2 Qxe5 25. Rb3 Rd6 26. g3 Bf6 27. Ne3 h5 28. f4 Qd4 29. Rd1 a4 30. Rxd4 axb3 31. Qe4 cxd4 32. Qxa8+ Rd8 33. Qa3 dxe3 34. Qxb3 Rd2 35. a4 Bd4 36. Kf1 e2+ 37. Ke1 Rxb2 38. Qd3 Bc5 39. Qd8+ Kg7 0-1

[Event "St Petersburg op"]
[Site "St Petersburg"]
[Date "2007.10.27"]
[Round "1"]
[White "Shpartko, Grigory"]
[Black "Utkin, Aleksey"]
[Result "0-1"]
[WhiteElo "2102"]
[BlackElo "2389"]
[PlyCount "90"]
[EventDate "2007.10.27"]
[EventType "swiss"]
[EventRounds "9"]
[EventCountry "RUS"]
[SourceTitle "CBM 121 Extra"]
[Source "ChessBase"]
[SourceDate "2008.01.10"]
[SourceVersion "1"]
[SourceVersionDate "2008.01.10"]
[SourceQuality "1"]

1. d4 g6 2. c4 Bg7 3. Nc3 d6 4. e4 Nd7 5. f3 e5 6. Be3 exd4 7. Bxd4 Ngf6 8. Qd2 0-0 9. Bd3 Ne5 10. Nge2 Be6 11. b3 a5 12. Rc1 Nh5 13. 0-0 f5 14. exf5 gxf5 15. f4 Bh6 16. Qc2 Nc6 17. Nd5 Bxd5 18. cxd5 Nxd4 19. Nxd4 Bxf4 20. Rce1 Bxh2+ 21. Kxh2 Qh4+ 22. Kg1 Qxd4+ 23. Rf2 Ng3 24. Qd2 Kh8 25. Re3 Rg8 26. Re7 Rae8 27. Rxe8 Rxe8 28. Qb2 Ne2+ 29. Qxe2 Rxe2 30. Bxe2 Qxd5 31. Bf3 Qb5 32. Be2 Qc5 33. g3 Kg7 34. Bd3 Kf6 35. Bxf5 Qxf5 36. Rxf5+ Kxf5 37. Kf2 Ke4 38. Ke2 d5 39. a3 c5 40. g4 h6 41. Kd2 b5 42. Ke2 c4 43. b4 axb4 44. axb4 d4 45. Kd2 d3 0-1

[Event "St Petersburg White Nights op"]
[Site "St Petersburg"]
[Date "2007.07.03"]
[Round "9"]
[White "Utkin, Aleksey"]
[Black "Ivkina, Olga"]
[Result "1-0"]
[WhiteElo "2376"]
[BlackElo "2198"]
[PlyCount "53"]
[EventDate "2007.06.25"]
[EventType "swiss"]
[EventRounds "9"]
[EventCountry "RUS"]
[SourceTitle "CBM 119 Extra"]
[Source "ChessBase"]
[SourceDate "2007.09.04"]
[SourceVersion "1"]
[SourceVersionDate "2007.09.04"]
[SourceQuality "1"]

1. d4 Nf6 2. Nf3 g6 3. Bg5 Bg7 4. Nbd2 d5 5. e3 0-0 6. Bd3 c5 7. c3 Nc6 8. 0-0 Nd7 9. Re1 f6 10. Bh4 e5 11. e4 dxe4 12. Bxe4 cxd4 13. Bxc6 bxc6 14. cxd4 exd4 15. Nxd4 Ne5 16. N2b3 Qb6 17. Qc2 Rb8 18. Rab1 Ba6 19. Nc5 Bd3 20. Nxd3 Qxd4 21. Nxe5 fxe5 22. Bg3 Rb5 23. h3 a5 24. Qxc6 Rxb2 25. Rxb2 Qxb2 26. Qd5+ Kh8 27. Qxa5 1-0

[Event "St Petersburg White Nights op"]
[Site "St Petersburg"]
[Date "2007.07.01"]
[Round "7"]
[White "Utkin, Aleksey"]
[Black "Fedoseev, Sergey"]
[Result "1-0"]
[WhiteElo "2376"]
[BlackElo "2260"]
[PlyCount "117"]
[EventDate "2007.06.25"]
[EventType "swiss"]
[EventRounds "9"]
[EventCountry "RUS"]
[SourceTitle "CBM 119 Extra"]
[Source "ChessBase"]
[SourceDate "2007.09.04"]
[SourceVersion "1"]
[SourceVersionDate "2007.09.04"]
[SourceQuality "1"]

1. d4 Nf6 2. Nf3 g6 3. Bg5 Bg7 4. Nbd2 d5 5. e3 0-0 6. Bd3 c5 7. c3 b6 8. 0-0 Bb7 9. Qb1 Nbd7 10. b4 cxb4 11. cxb4 h6 12. Bh4 Re8 13. a4 e5 14. dxe5 Nxe5 15. Nxe5 Rxe5 16. Nf3 Re8 17. Nd4 a6 18. Rd1 Qd7 19. Qb3 Rac8 20. Bxf6 Bxf6 21. Be2 Qc7 22. Bg4 Bxd4 23. Rxd4 Qc2 24. Qxc2 Rxc2 25. g3 Re4 26. Rxe4 dxe4 27. Rd1 Bc6 28. Bc8 Bxa4 29. Bxa6 Rb2 30. Rd4 Bc2 31. g4 Bd3 32. Bb7 f5 33. gxf5 gxf5 34. Bc8 f4 35. exf4 b5 36. Bb7 Rb1+ 37. Kg2 Re1 38. f5 Kg7 39. Kg3 Kf6 40. Kf4 Rf1 41. Rd6+ Ke7 42. Re6+ Kf7 43. Ke3 Rb1 44. Bxe4 Bxe4 45. Rxe4 Kf6 46. Kf4 Rb2 47. Kg3 Kxf5 48. Rh4 Kg6 49. Rd4 Rb3+ 50. f3 Rb2 51. h3 Rb3 52. Kf4 Kg7 53. Ke4 Kg6 54. Kf4 Kf6 55. Kg4 Kg6 56. h4 Rb2 57. h5+ Kg7 58. Kf5 Rg2 59. Rg4+ 1-0

[Event "St Petersburg White Nights op"]
[Site "St Petersburg"]
[Date "2007.06.30"]
[Round "6"]
[White "Vunder, Andrei"]
[Black "Utkin, Aleksey"]
[Result "0-1"]
[WhiteElo "2259"]
[BlackElo "2376"]
[PlyCount "74"]
[EventDate "2007.06.25"]
[EventType "swiss"]
[EventRounds "9"]
[EventCountry "RUS"]
[SourceTitle "CBM 119 Extra"]
[Source "ChessBase"]
[SourceDate "2007.09.04"]
[SourceVersion "1"]
[SourceVersionDate "2007.09.04"]
[SourceQuality "1"]

1. Nf3 g6 2. d4 Bg7 3. c4 d6 4. Nc3 Nd7 5. Qc2 e5 6. e3 Ngf6 7. Be2 0-0 8. b3 Re8 9. Bb2 a6 10. h3 Qe7 11. dxe5 dxe5 12. 0-0 Nf8 13. Rad1 e4 14. Nd2 c6 15. Na4 Bf5 16. c5 N8d7 17. b4 Nd5 18. Bxg7 Kxg7 19. Nc4 Qg5 20. Qb2+ f6 21. Kh2 Ne5 22. Nd6 Re7 23. Nxf5+ Qxf5 24. Nc3 Nd3 25. Bxd3 Qe5+ 26. Kg1 Qxc3 27. Qxc3 Nxc3 28. Bc4 Nxd1 29. Rxd1 a5 30. a3 axb4 31. axb4 Ra4 32. Rb1 b5 33. Bf1 f5 34. g3 Kf6 35. Kg2 Rd7 36. Rb2 Ke5 37. Be2 Rda7 0-1